| 000 | 01150nam a2200277 a 4500 | ||
|---|---|---|---|
| 001 | 000026968 | ||
| 005 | 20240610111826.0 | ||
| 008 | 110328t1999 dr a 001 0 spa d | ||
| 040 |
_aDO-SdBNP _bspa _cBNPHU |
||
| 082 |
_a972.9375 _bC957s |
||
| 100 |
_aCruz Méndez, Manuel _937495 |
||
| 245 | 1 | 0 |
_aSanto Domingo a fines del siglo 18 : _bdocumentos, comentarios y glosas / _cManuel Cruz Méndez. |
| 260 |
_aSanto Domingo : _bUASD, _c1999. |
||
| 300 |
_a83 p. : _bil. ; _c21 cm. |
||
| 490 | 1 |
_aPublicaciones de la Universidad Autónoma de Santo Domingo _v938 |
|
| 490 | 1 |
_aHistoria y sociedad _v95 |
|
| 504 | _aIncluye bibliografía y notas al pie de páginas. | ||
| 504 | _aBibliografía : p. 81-83. | ||
| 650 | 4 |
_aCiudades y pueblos _xHistoria _zRepública Dominicana _912424 |
|
| 651 | 4 |
_aSanto Domingo (República Dominicana{Rpara} _xVida Social Y Costumbres _91895 |
|
| 651 | 4 |
_aSanto Domingo (República Dominicana{Rpara} _xHistoria Local _91894 |
|
| 830 | 0 |
_aPublicaciones de la Universidad Autónoma de Santo Domingo _n938 _954060 |
|
| 830 | 0 |
_aHistoria y sociedad _n95 _954061 |
|
| 910 | _aValidado. Control de calidad EMS. | ||
| 049 | _aBNPD | ||
| 999 |
_c26460 _d26460 |
||